000 00404 a2200157 4500
005 20250626074123.0
020 _a9780072340525
082 _a658.15 ROS
100 _aROSS, A.S.
245 _aEssentials of Corporate Finance
250 _a3rd Ed.
260 _aNew york
_bMc Graw Hill,
_c2001
300 _axxx,574p.:ill.
_bAppendix
_c25cm.
700 _aWESTERFIELD, W. & JORDAN, B.D.
942 _2ddc
_cBKS
999 _c5190
_d5190